| 000 | 00607nam a2200169Ia 4500 | ||
|---|---|---|---|
| 008 | 090201s9999 xx 000 0 und d | ||
| 010 | _aKPL-15378 | ||
| 040 | _bमराठी | ||
| 041 | _aमराठी | ||
| 082 |
_a37119 _b15378 |
||
| 100 | _aन. चि. केळकर | ||
| 245 |
_aगौतमबुध्द ते महात्मा गांंधी _cन. चि. केळकर |
||
| 260 |
_c2004 _bनीलकंठ प्रकाशन |
||
| 300 |
_a142 _bमोठा |
||
| 600 | _aगौतमबुध्द ते महात्मा गांंधी | ||
| 942 | _cBOOK | ||
| 999 |
_c234962 _d234962 |
||